| 000 | 00861nam a2200253Ia 4500 | ||
|---|---|---|---|
| 001 | 2879 | ||
| 003 | GE_BSU | ||
| 008 | 181216s||||||||xx |||||||||||||| ||und|| | ||
| 020 | _a985610209х | ||
| 040 | _cGE_BSU | ||
| 080 | _a338(100)(091) | ||
| 100 | _aПолетаева,Г.Н.И. Голубович , В.И. Пашкевич,Л.Ф. и др; | ||
| 245 | _aЭкономическая история зарубежных стран:курс пекций | ||
| 245 | _cПод обш. ред. В. И.Голубовича | ||
| 260 | _aМинск | ||
| 260 | _bЭкоперспектива | ||
| 260 | _c1997 | ||
| 300 | _a432 с. 20 с. | ||
| 541 | _h10 л. 80 т. | ||
| 653 | _aЭкономика | ||
| 653 | _aЭкономическая история зарубежных стран: | ||
| 653 | _aეკონომიკა | ||
| 942 | _cBK | ||
| 999 |
_c36928 _d36928 |
||